Yüklüyor......

The amino sugars /

Detaylı Bibliyografya
Yazar: Geenlose
Materyal Türü: Printed Book
Dil:English
Baskı/Yayın Bilgisi: Acadamic c1965.
Edisyon:4th ed.
LEADER 00353nam a2200121Ia 4500
008 130611s9999 xx 000 0 eng d
100 |a Geenlose  
245 |a The amino sugars / 
250 |a 4th ed. 
260 |b Acadamic  |c c1965. 
942 |c BK 
999 |c 125501  |d 125501 
952 |0 0  |1 0  |4 0  |7 0  |9 138876  |a ZOO  |b ZOO  |c ST1  |d 2013-06-11  |h 2A  |l 0  |p ZOO1708  |r 2013-06-11  |w 2013-06-11  |y BK